000 00926nam a22002657a 4500
005 20110725151647.0
008 110725t xxu||||| |||| 00| 0 eng d
010 _aENG-103126
020 _a9788182930360
_c990.00
020 _a8182930367
_c990.00
035 _aEN-86659
037 _bDBAD / PUB
040 _adpl
_bEnglish
082 _a574.876042
100 _929868
_aThakur, Kumkum
245 _aMethods of cell biology and molecular biology /
_cby Kumkum Thakur
260 _aNew Delhi
_bInternational Scientific Publishing Academy
_c2011
270 _a4594/-, Daryaganj
_bNew Delhi
_e110002
300 _axiii,306p. :
_c22cm (Hb)
_bill.
650 _929869
651 _91549
700 _929871
942 _2ddc
_cEN
_h574.876042
_mTHA
999 _c54336
_d54336